000 00234nam a2200109Ia 4500
008 190216s9999||||xx |||||||||||||| ||und||
100 _aCarr E H
245 0 _aWhat Is History
260 _bMacmillan
650 _aHistory
942 _cBK
999 _c19340
_d19340